| 000 | 01503nam a2200361 a 4500 | ||
|---|---|---|---|
| 001 | ebr10509330 | ||
| 003 | CaPaEBR | ||
| 006 | m u | ||
| 007 | cr cn||||||||| | ||
| 008 | 101222s2011 dcua sb 001 0 eng d | ||
| 010 | _z 2010053868 | ||
| 020 | _z9781555815134 (hardcover : alk. paper) | ||
| 020 | _z1555815138 (hardcover : alk. paper) | ||
| 020 | _z9781555817138 (e-book) | ||
| 040 |
_aCaPaEBR _cCaPaEBR |
||
| 035 | _a(OCoLC)769188731 | ||
| 050 | 1 | 4 |
_aRC311 _b.T824 2011eb |
| 082 | 0 | 4 |
_a616.9/95 _222 |
| 245 | 0 | 0 |
_aTuberculosis and nontuberculous mycobacterial infections _h[electronic resource] / _cedited by David Schlossberg. |
| 250 | _a6th ed. | ||
| 260 |
_aWashington, D.C. : _bASM Press, _cc2011. |
||
| 300 |
_axv, 638 p. : _bill. |
||
| 500 | _aRev. ed. of: Tuberculosis & nontuberculous mycobacterial infections / edited by David Schlossberg. 5th ed. c2006. | ||
| 504 | _aIncludes bibliographical references and index. | ||
| 533 |
_aElectronic reproduction. _bPalo Alto, Calif. : _cebrary, _d2011. _nAvailable via World Wide Web. _nAccess may be limited to ebrary affiliated libraries. |
||
| 650 | 0 | _aTuberculosis. | |
| 650 | 0 | _aMycobacterial diseases. | |
| 655 | 7 |
_aElectronic books. _2local |
|
| 700 | 1 | _aSchlossberg, David. | |
| 710 | 2 | _aebrary, Inc. | |
| 730 | 0 | _aTuberculosis & nontuberculous mycobacterial infections. | |
| 856 | 4 | 0 |
_uhttp://site.ebrary.com/lib/rucke/Doc?id=10509330 _zAn electronic book accessible through the World Wide Web; click to view |
| 999 |
_c116294 _d116294 |
||